Trilogia dell'adulto fanciullo : cronache di un auto recupero di sè : il viaggio uno e trino di una coscienza nell'incessante scoperta del proprio mistero /

Guardat en:
Dades bibliogràfiques
Autor principal: Ubaldini, Thomas
Altres autors: Romagnani, Gian Paolo, Fezia, Laura
Format: Llibre
Idioma:italià
Publicat: Sossano (VI) : Anguana, 2012
Col·lecció:Percorsi dell'anima
Etiquetes: Afegir etiqueta
Sense etiquetes, Sigues el primer a etiquetar aquest registre!

MARC

LEADER 00000nam a22000007i 4500
001 IT\ICCU\VIA\0231899
003 ItRI
005 20260218173001.0
008 120306s2012 it |||||| ||||| |||||c
020 |a 9788897621027 
040 |b ita  |c arcigay verona 
041 7 |a ita  |2 ISO-639-2 
100 1 |a Ubaldini, Thomas  |0 IT\ICCU\BVEV\170125 
245 1 0 |a Trilogia dell'adulto fanciullo :  |b cronache di un auto recupero di sè : il viaggio uno e trino di una coscienza nell'incessante scoperta del proprio mistero /  |c Thomas Ubaldini ; prefazione di Laura Fezia ; presentazione di Gian Paolo Romagnani. 
246 1 3 |a Trilogia dell'adulto fanciullo: cronache di un auto recupero di sé. 
260 |a Sossano (VI) :  |b Anguana,  |c 2012 
300 |a 409 p. :  |b ill. ;  |c 21 cm. 
700 1 |a Romagnani, Gian Paolo  |0 IT\ICCU\CFIV\065338 
700 1 |a Fezia, Laura  |0 IT\ICCU\TO0V\341958 
830 0 |a Percorsi dell'anima  |0 IT\ICCU\VIA\0231905 
942 |2 ddc  |c BK  |n 0 
952 |0 0  |1 0  |2 ddc  |4 0  |6 851_920000000000000_UBA_TRI  |7 0  |9 33076  |a VR  |b VR  |d 2026-02-18  |i 104  |l 0  |o 851.92 UBA TRI  |p OBE-104  |r 2026-02-18 17:30:43  |w 2026-02-18  |y BK 
999 |c 28737  |d 28737